00571 2200205 4500001002100000005001500021008004100036020001800077035002500095041000800120082001500128090001500143100001900158245006400177250002700241260003300268300003400301500000800335650002200343INLIS00000000001120020130515225707 ind  a979-3469-05-6 a0010-051300000011200 aind a621.381 95 a621.381 95 aTeguh, Wahyono aTeknik Merakit PC moderen : Lengkap Dengan Trouble Shooting aEdisi : 1; Cetakan : 1 aYogjakartabGava Mediac2003 axii, 126 hlm. : ilus. ;21 cm. a125 ateknik Elektronik